Nonbook materials: the organization of integrated collections (Record no. 1148)

MARC details
000 -LEADER
fixed length control field 00531nam a2200169Ia 4500
020 ## - INTERNATIONAL STANDARD BOOK NUMBER
ISBN 0-88802-240-9
082 ## - DEWEY DECIMAL CLASSIFICATION NUMBER
Classification number 025.34 WEI-;
100 ## - MAIN ENTRY--AUTHOR NAME
Personal name Weihs, Jean
245 #0 - TITLE STATEMENT
Title Nonbook materials: the organization of integrated collections
260 ## - PUBLICATION, DISTRIBUTION, ETC. (IMPRINT)
Place of publication Canada
Name of publisher Canadian Library Association
Year of publication 1989
300 ## - PHYSICAL DESCRIPTION
Number of Pages 151p.
650 ## - SUBJECT ADDED ENTRY--TOPICAL TERM
Topical Term Libraries - Special collections - Nonbook materials
650 ## - SUBJECT ADDED ENTRY--TOPICAL TERM
Topical Term Cataloging of nonbook materials - Handbooks, Manuals, etc
650 ## - SUBJECT ADDED ENTRY--TOPICAL TERM
Topical Term Library administration
650 ## - SUBJECT ADDED ENTRY--TOPICAL TERM
Topical Term Library science
942 ## - ADDED ENTRY ELEMENTS (KOHA)
Koha item type Books
Holdings
Withdrawn status Lost status Damaged status Not for loan Home library Current library Date acquired Bill Date Full call number Accession Number Price effective from Koha item type
        NASSDOC Library NASSDOC Library 08/06/2004 2004-10-22 025.34 WEI-; 29653 18/04/2019 Books